China... or India? - Statistics

General Stats
  • This quiz has been taken 52,627 times
    51,864 since last reset
  • The average score is 11 of 15
Answer Stats
Question Answer % Correct
Has a larger land area China
97%
Has a higher GDP per capita China
94%
Higher rate of population growth India
94%
Has a lower median age India
86%
Is a member of the British Commonwealth India
86%
Higher % of vegetarians India
85%
Has territory in the Himalayas Both
80%
Has nuclear weapons Both
78%
Is a member of the BRICS countries Both
78%
Wild tigers live there Both
73%
Its capital city is in the northern half of the country Both
62%
Consumes more dairy products per capita India
62%
Buddha lived there India
56%
Taller people on average China
40%
Has more men than women Both
39%
No matching quizzes found
Score Distribution
Percent of People with Each Score
Percentile by Number Answered
Your Score History
You have not taken this quiz since the last reset